El curioso incidente del perro a medianoche / (Registro nro. 8653)

Detalles MARC
000 -LIDER
fixed length control field 00867nam a22002777a 4500
001 - NÚMERO DE CONTROL
Identificador de número de control 0074
003 - IDENTIFICACDOR DE NÚMERO DE CONTROL
control field DO-SdBNP
005 - DATE AND TIME OF LATEST TRANSACTION
control field 20180122131423.0
007 - CAMPOS FIJOS DE DESCRIPCIÓN FÍSICA
fixed length control field 0074
008 - ELEMENTOS DE LONGITUD FIJA
fixed length control field 151111b sp 2004 xxu||||| |||| 00| 0 spa d
020 ## - ISBN
International Standard Book Number 9788497110440
040 ## - FUENTE DE CATALOGACIÓN
Agencia que crea de manera original el registro BPMSU
Idioma de catalogación spa
Agencia que realiza la transcripción BPMSU
092 ## - LOCALLY ASSIGNED DEWEY DECIMAL CALL NUMBER
Número de clasificación xxxxxxx
Número de ítem (Cutter) xxxxxxx
100 10 - ASIENTO PRINCIPAL -- NOMBRE PERSONAL
Nombre personal Haddon, Mark,
Fechas asociadas con el nombre 1963-
245 13 - MENCIÓN DE TITULO
Título El curioso incidente del perro a medianoche /
Mención de responsabilidad Maark Haddon ; traducción Patricia Antón
246 10 - VARIACION DEL TÍTULO
Título propiamente dicho o título corto The curious incident of the dog in the nigth -time
260 ## - PUBLICACIÓN, DISTRIBUCIÓN, ETC. (PIE DE IMPRENTA)
Lugar de publicación, distribución, etc Barcelona :
Nombre del editor, distribuidor, etc. Salamandra,
Fecha de publicación, distribución, etc 2004. 2007 (impresión)
300 ## - DESCRIPCIÓN FÍSICA
Extensión 268 p. :
Otros detalles físicos il.,
Dimensiones 18 cm.
490 10 - MENCIÓN DE SERIES
Mención de serie Quinteto
Volume/sequential designation 260
500 ## - NOTA GENERAL
Materiales especificados Incluye notas al pie de las páginas
700 10 - ASIENTO SECUNDARIO -- NOMBRE PERSONAL
Nombre personal Antón, Patricia,
Mención de responsabilidad tr.
830 00 - ASIENTO SECUNDARIO DE SERIE--TÍTULO UNIFORME
Título uniforme Quintero
Número de la parte o sección de una obra 260
942 ## - ADDED ENTRY ELEMENTS (KOHA)
Source of classification or shelving scheme Dewey Decimal Classification
Koha item type Libros
945 ## - INFORMACIÓN DE PROCESAMIENTO LOCAL
Información de procesamiento local Inventariado extranjero / 2018 VM
956 ## - LOCAL ELECTRONIC LOCATION AND ACCESS (OCLC)
Nombre de host Brenda Tavárez
Existencias
Withdrawn status Lost status Source of classification or shelving scheme Damaged status Not for loan Collection code Home library Current library Date acquired Source of acquisition Total Checkouts Barcode Date last seen Price effective from Koha item type
    Dewey Decimal Classification     Colección General Biblioteca Pública Metropolitana Salomé Ureña Biblioteca Pública Metropolitana Salomé Ureña 11/11/2015 FUNDI   BPMSU15110204 11/11/2015 11/11/2015 Libros